| 000 | 00687nam a2200217 u 4500 | ||
|---|---|---|---|
| 005 | 20240802063714.0 | ||
| 008 | 121026s2007 r 000 0 eng d | ||
| 020 | _a9789709718768 (13 dígitos) | ||
| 020 | _a9709718762 (10 dígitos) | ||
| 035 | _aUPN01000188059 | ||
| 049 | _aI | ||
| 050 | 4 |
_aPQ7297 P4.2 _bB8.7 |
|
| 100 | 1 |
_aPoniatowska, Elena, _d1933- |
|
| 245 | 1 | 3 |
_aEl burro que metió la pata / _cElena Poniatowska ; il. Fernando Robles. |
| 260 |
_aMéxico : _bTecolote, _c2007. |
||
| 300 |
_a[22] p. : _bprincipalmente il. col. |
||
| 650 | 4 |
_aLiteratura infantil mexicana _910209 |
|
| 650 | 4 |
_aLibros y lectura para niños _92290 |
|
| 905 | _aInfantil | ||
| 999 |
_c160162 _d160162 |
||